000 00308nam a22001337a 4500
020 _a0-7214-0976-8
082 _a001
_bMOY/D
100 _aMOYES, JOHN
245 _aDISCOVERING LONDON
260 _aUNITED KINGDOM
_bLADYBIRD
_c1981
300 _a51
650 _aGENERAL KNOWLEDGE
_zUNITED KINGDOM
942 _cBK
999 _c6511
_d6511